000 01110nam a2200337 i 4500
001 11064
003 KOSZ 005
005 20240405063004.0
008 961010s1965 pl e |000 0 pol
040 _aKOSZ 005/EG
_cKOSZ 005/EG
_dKOSZ 005/EG
041 _apol
046 _k1965
080 _a0/9(03)
080 _a94(438).083
245 1 0 _aPolska Ludowa :
_bsłownik encyklopedyczny /
_c[aut. Andrzej Adamczyk et al.] ; red. nacz. Józef Gutt.
260 _aWarszawa :
_b"Wiedza Powszechna",
_c1965.
300 _aXI, [1], 482, [2] s., [24] k. tabl. :
_bil., err. ;
_c22 cm.
380 _aKsiążki
388 _a1901-2000
388 _a1945-1989
648 7 _a1901-2000
648 7 _a1945-1989
651 7 _aPolska
655 _aEncyklopedia
658 _aHistoria
700 1 _aAdamczyk, Andrzej
_eAutor
700 1 _aGutt, Józef
_eRedakcja
710 2 _aPaństwowe Wydawnictwo Wiedza Powszechna
_4pbl.
856 _uhttp://koha.tu.koszalin.pl/cgi-bin/koha/opac-detail.pl?biblionumber=11064
_yKatalog online BPK
942 _2UKD
_cKS
999 _c11064
_d11064